Zahraničně obchodní aspekty vývoje konkurenceschopnosti ČR na cestě do EU (vybrané problémy)

Súčasná obchodno-politická klíma vo sfére zahraničného obchodu ČR, očakávané zmeny po prijatí do EÚ. Nová legislatívna úprava ochranných opatrení pro dovoze alebo vývoze výrobkov. Zmluvné nástroje obchodnej politiky ČR.

Guardado en:
Detalles Bibliográficos
Autor principal: Plchová, Božena
Formato: Capítulo de libro
Lenguaje:checo
Materias:
Etiquetas: Agregar Etiqueta
Sin Etiquetas, Sea el primero en etiquetar este registro!

MARC

LEADER 00000naa$a2200000$$$4500
001 0006031
005 20231004104248.5
041 0 |a cze 
044 |a CZ 
245 1 0 |a Zahraničně obchodní aspekty vývoje konkurenceschopnosti ČR na cestě do EU (vybrané problémy)  |c aut. Božena Plchová 
520 |a Súčasná obchodno-politická klíma vo sfére zahraničného obchodu ČR, očakávané zmeny po prijatí do EÚ. Nová legislatívna úprava ochranných opatrení pro dovoze alebo vývoze výrobkov. Zmluvné nástroje obchodnej politiky ČR. 
610 2 0 |a obchod zahraničný 
610 2 0 |a Česko 
610 2 0 |a konkurencieschopnosť 
610 2 0 |a Európska únia 
610 2 0 |a vývoz 
610 2 0 |a dovoz 
610 2 0 |a legislatíva 
610 2 0 |a politika zahraničnoobchodná 
100 1 |a Plchová, Božena